Quizzes
Events
Quiz Creation
Community
Videos
Private Events
Remove Ads
Sign In
Join for FREE
Feedback
Dark Mode
Quiz Categories
Sports
Geography
Music
Movies
Television
Just For Fun
Miscellaneous
History
Literature
Language
Science
Gaming
Entertainment
Religion
Holiday
For Kids
Quiz Lab
Recent
Popular Today
Quiz Kudos Today
Editor Picks
Curator Picks
Quizzes by...
Day
Popularity
Type
Ratings
Length
Year
Community
Subscriptions
Recent Discussions
Orange Saloon
Badges
Playlists
Quests
Create
Leaderboards
Showdown
Live 5
Trivia Bingo
Activity
Puzzle Library
Sporcle Events
Private Events
Virtual Trivia
Globe League
Become a Host
Pub Owners
SporcleCon
Opinionation
Our Games
Videos
Blog
Mobile Apps
Partnerships
Remove Ads and Go Orange
Feedback
Geography
Country
Landmarks
City
State
Population
World
Capital
Continent
Flags
Europe
Africa
Asia
South America
North America
Oceania
Border
Canada
United Kingdom
Topography
United States
Geography
Country
Landmarks
City
State
Population
World
Capital
Continent
Flags
Europe
Africa
Asia
South America
North America
Oceania
Border
Canada
United Kingdom
Topography
United States
Random Quiz
Search Sporcle
×
Quiz Lab
Quiz Lab
Geography
City
Type in answers that appear in a list
Type in answers that appear in a list
Classic
Best Score? Go Orange.
US Air non-stop from Pittsburgh (90's) Stats
Can you name the US Air non-stop from Pittsburgh (90's)?
By
SporcleEXP
10m
135 Questions
232 Plays
232 Plays
232 Plays
Comments
Comments
Give Quiz Kudos
Give Quiz Kudos
-
- Ratings
hide this ad
Replay
Link that replays current quiz
Next Quiz
Link to next quiz in quiz playlist
You Got
0%
They Got
Avg Score
64%
Avg Friend Score
Upgrade to see
Score Distribution
Jump to the score distribution portion of the page
Score
0/135
Timer
10:00
0
Plays Today
State/Country
City
% Correct
Ohio
Cleveland
98.3%
New York
New York
94%
Ohio
Cincinnati
93.1%
Ohio
Columbus
92.7%
New York
Albany
91.8%
West Virginia
Charleston
90.9%
Michigan
Detroit
90.9%
South Carolina
Charleston
90.9%
Maryland
Baltimore
90.5%
New York
Buffalo
90.5%
Georgia
Atlanta
90.1%
Illinois
Chicago
90.1%
Massachusetts
Boston
89.7%
California
Los Angeles
88.8%
Maine
Portland
88.8%
Oregon
Portland
88.8%
California
San Francisco
88.8%
Texas
Dallas
88.4%
New Jersey
Newark
85.8%
Texas
Austin
85.3%
France
Paris
85.3%
Florida
Orlando
84.9%
Indiana
Indianapolis
84.5%
Great Britain
London
84.5%
Ontario, Canada
London
84.5%
Tennessee
Nashville
84.1%
Ohio
Akron
83.6%
New Mexico
Albuquerque
83.6%
California
San Diego
83.6%
Ontario, Canada
Toronto
83.6%
District of Columbia
Washington
83.6%
Tennessee
Memphis
83.2%
North Carolina
Raleigh
83.2%
Colorado
Denver
81.5%
Connecticut
Hartford
81%
Quebec, Canada
Montreal
80.6%
Florida
Tampa
80.6%
Alabama
Birmingham
80.2%
Missouri
St. Louis
80.2%
Pennsylvania
Harrisburg
79.7%
Florida
Jacksonville
78.9%
Missouri
Kansas City
78.4%
Virginia
Richmond
78%
Washington
Seattle
78%
Texas
San Antonio
77.6%
State/Country
City
% Correct
Germany
Frankfurt
76.7%
Ohio
Dayton
76.3%
Ohio
Toledo
75.9%
Kentucky
Louisville
75.4%
Rhode Island
Providence
75.4%
Pennsylvania
Allentown
74.6%
Pennsylvania
Erie
74.1%
New York
Syracuse
74.1%
South Carolina
Columbia
73.3%
Minnesota
Minneapolis
73.3%
Louisiana
New Orleans
73.3%
New York
Rochester
72.8%
Vermont
Burlington
72%
Mexico
Cancun
72%
Arkansas
Little Rock
72%
Maine
Bangor
71.6%
Nebraska
Omaha
71.6%
Mexico
Mexico City
70.3%
New Jersey
Atlantic City
69.4%
Kentucky
Lexington
69.4%
Ontario, Canada
Ottawa
68.1%
Iowa
Des Moines
67.7%
Virginia
Norfolk
67.7%
California
San Jose
67.2%
Michigan
Lansing
66.8%
West Virginia
Morgantown
66.4%
Puerto Rico
San Juan
66.4%
Florida
Fort Lauderdale
65.9%
Tennessee
Knoxville
65.5%
Wisconsin
Madison
63.8%
Michigan
Grand Rapids
63.4%
North Carolina
Greensboro
62.9%
Pennsylvania
Altoona
62.1%
North Carolina
Asheville
61.6%
Tennessee
Chattanooga
60.8%
Michigan
Flint
60.3%
New Hampshire
Manchester
58.6%
New Jersey
Trenton
58.2%
New York
Binghamton
57.3%
Florida
Fort Myers
56.5%
Connecticut
New Haven
55.6%
South Carolina
Greenville
55.2%
South Carolina
Myrtle Beach
55.2%
Pennsylvania
Wilkes Barre
54.3%
Virginia
Roanoke
53.9%
State/Country
City
% Correct
Virginia
Newport News
53%
Ontario, Canada
Hamilton
52.2%
Pennsylvania
Reading
52.2%
Pennsylvania
State College
51.7%
Virginia
Charlottesville
51.3%
Pennsylvania
Lancaster
51.3%
Kansas
Wichita
51.3%
Indiana
Evansville
50.4%
Pennsylvania
Johnstown
50%
New York
Ithaca
49.6%
Indiana
South Bend
49.6%
West Virginia
Huntington
49.1%
Ohio
Youngstown
49.1%
Jamaica
Montego Bay
46.1%
West Virginia
Beckley
45.7%
Maryland
Hagerstown
45.7%
Michigan
Kalamazoo
45.7%
Illinois
Champaign
44.8%
California
Orange County
44.4%
Massachusetts
Worcester
44.4%
New York
White Plains
44%
Florida
West Palm Beach
43.1%
Florida
Sarasota
42.7%
New York
Newburgh
41.4%
West Virginia
Parkersburg
40.9%
Pennsylvania
Williamsport
40.9%
New York
Elmira
40.1%
New York
Utica
38.4%
New York
Long Island
37.9%
Maryland
Cumberland
37.5%
New York
Jamestown
35.8%
Virginia
Lynchburg
35.3%
Michigan
Saginaw
33.2%
Pennsylvania
Latrobe
32.8%
West Virginia
Clarksburg
31.5%
Pennsylvania
Bradford
31%
Tennessee
Tri-Cities
29.3%
West Virginia
Elkins
28.9%
Pennsylvania
Dubois
28.4%
West Virginia
Greenbrier
28%
Virginia
Shenandoah Valley
25.9%
West Virginia
Bluefield
25%
New York
Watertown
23.7%
West Virginia
Franklin
20.7%
Ohio
Phillipsburg
17.2%
Quiz Playlist
Details
Report
Send in Message
Add To Playlist
Classic:
Type in answers that appear in a list
Last Updated: Feb 16, 2017
Quiz Scoreboard
CHALLENGE
Sign Up to Join the Scoreboard
Show All
Scores
Hide
Comments
May contain spoilers
Recently Published
NBA Finals Game Top Scorers (2010s)
by flibbidy
Sports
5m
Guess the 'R' Things in 3 Words
by MSUKent
Miscellaneous
3m
Actor to Badly Drawn Movie III
by MoMosMoProblems
Movies
5m
More to Explore
Quiz From the Vault
Featured Blog Post
Where Does Lost Luggage Go?
hide this ad
You Might Also Like...
Tags
City Quiz
Country Quiz
State Quiz
Air
non-stop
pittsburgh
Today's Top Quizzes in Geography
Browse Geography
hide this ad
Today's Top Quizzes in City
Browse City
Top Contributed Quizzes in Geography
1
Countries of the World - No Outlines Minefield
2
Find the Landmarks A-Z
3
Lietuvos savivaldybės (Lithuanian Municipalities)
4
Blind Ultimate Minefield: World
5
Ultimate Geography Challenge 'A'
6
Find the US States - No Outlines
7
3, 2, 1 or 0: Land Borders
8
Complete the Map Snippet (Minefield) IX
9
Nickname Match: U.S. States
10
Complete the Map Snippet (Minefield) X
Explore More
Trending Topics
Harry Potter
NBA
Kpop
Marvel
Crossword
Disney
Anime
Soccer
Song
Country
The Office
Pokémon
Puzzle
NFL
WWE
hide this ad
More By:
SporcleEXP
Quiz
Plays
Rating
Category
Featured
Created
Harry Potter Deaths in Order Minefield
3,060,296
4.18
Literature
Jan 27, 2016
Sins, Dwarfs, and Spice Girls
846,628
4.42
Just For Fun
Apr 11, 2012
Ancient History Bunker
706,556
4.28
History
Jan 20, 2014
Movie Posters VI
678,025
4.37
Movies
Nov 12, 2010
Movie Posters VII
620,913
4.44
Movies
Apr 16, 2011
Go to Creator's Profile
Score Distribution
Quiz Creator Spotlight
SporcleEXP
Follow
Send a Message
Quizzes Created
-
Created Quiz Play Count
-
More By This Creator
Popular Quizzes Today
1
Find the US States - No Outlines Minefield
2
Find the US States
3
The Countries of the World
4
10 Largest US States in Order
5
Find the Countries of Europe - No Outlines Minefield
6
US States
7
Guess the 'R' Things in 3 Words
8
NBA Finals Game Top Scorers (2010s)
More Geography Quizzes
A Country Quiz
Quiz Lab
Trending Quizzes
First Name TV: Leading Men
Match the Book to the Film II
First Name TV: Leading Women Drama
Pick A Pair: Religious TV
Match the Book to the Film VI
Recently Updated
Women's Final Four Teams by Year
bhenderson79
Presidents Quartet II
eogle
Anything But Clue(do)
eogle
Anything But Oceanian Capitals
eogle
Anything But 7
eogle
Anything But Thing
eogle
Word Ladder: February 29
pecheneg
Song Title Questions
pecheneg
Women's NCAA Tournament #1 Seeds
pecheneg
Celebrity Mug Shots
pecheneg
Trending Topics
Anime
Crossword
NBA
Marvel
Kpop
Disney
Harry Potter
Puzzle
Pokémon
WWE
The Office
Country
NFL
Song
Soccer
Your Account Isn't Verified!
In order to create a playlist on Sporcle, you need to verify the email address you used during registration. Go to your
Sporcle Settings
to finish the process.
Report this User
Report this user for behavior that violates our
Community Guidelines
.
Details:
Send Report
Go to the Sporcle.com Mobile Site →
Comments